Overovanie a uplatňovanie nákladových sociálnych normatívov v poľnohospodárskych podnikoch záverečná správa SPEV 903 529 305 - 07
Guardado en:
| Autor principal: | |
|---|---|
| Otros Autores: | |
| Formato: | Libro |
| Lenguaje: | eslovaco |
| Publicado: |
Bratislava
Výskumný ústav ekonomiky poľnohospodárstva a potravinárstva
1984
|
| Etiquetas: |
Sin Etiquetas, Sea el primero en etiquetar este registro!
|
MARC
| LEADER | 00000nam a2200000 4500 | ||
|---|---|---|---|
| 001 | c106942 | ||
| 005 | 20230113115927.9 | ||
| 041 | 0 | |a slo | |
| 044 | |a SK | ||
| 245 | 1 | 0 | |a Overovanie a uplatňovanie nákladových sociálnych normatívov v poľnohospodárskych podnikoch |b záverečná správa SPEV 903 529 305 - 07 |c Jaroslav Barto, Stanislav Buchta |
| 264 | 1 | |a Bratislava |b Výskumný ústav ekonomiky poľnohospodárstva a potravinárstva |c 1984 | |
| 300 | |a 53 s. | ||
| 100 | 1 | |a Barto, Jaroslav | |
| 700 | 1 | |a Buchta, Stanislav | |